000 00439nam a22001697a 4500
003 OSt
005 20260126073708.0
008 260126b |||||||| |||| 00| 0 eng d
020 _a978-0-545-15292-1
040 _aDWCL-Main Lib
_cOC
082 _aFic. W339 2009
100 _aWatson, Jude
245 _aThe 39 clues 6 : in too deep
260 _aNew York :
_bScholastic Inc.,
_cc2009
300 _a206 p. :
_c 20 cm.
942 _2ddc
_cFIC.
_n0
999 _c7813
_d7813